Selected topics in algebra and its interrelations with logic, number theory and algebraic geometry /
Guardado en:
| Autor Principal: | |
|---|---|
| Formato: | Libro |
| Idioma: | English Romanian |
| Publicado: |
Bucuresti, Romania : Dordrecht :
Editura Academiei ; D. Reidel,
1984.
|
| Series: | Mathematics and its applications (D. Reidel Publishing Company). East European series.
|
| Materias: | |
| Etiquetas: |
Agregar Etiqueta
Sin Etiquetas, Sea el primero en etiquetar este registro!
|
| LEADER | 01214cam a2200289 a 4500 | ||
|---|---|---|---|
| 001 | MAT.inmabb004310 | ||
| 008 | 831130s1984####rm#a##########001#0#eng## | ||
| 005 | 20170602145533.0 | ||
| 245 | 1 | 0 | |a Selected topics in algebra and its interrelations with logic, number theory and algebraic geometry / |c Ionel Bucur ; translated from the Romanian by Mihnea Moroianu. |
| 260 | |a Bucuresti, Romania : |b Editura Academiei ; |a Dordrecht : |b D. Reidel, |c 1984. | ||
| 300 | |a viii, 406 p. : |b il. ; |c 23 cm. | ||
| 490 | 1 | |a Mathematics and its applications. East European series | |
| 500 | |a Traducción de: Capitole speciale de algebra. 1980. | ||
| 510 | 4 | |a MR, |c 86f:14001 | |
| 020 | |a 9027716714 | ||
| 100 | 1 | |a Bucur, Ionel, |d 1930-1976. | |
| 240 | 1 | 0 | |a Capitole speciale de algebra. |l Inglés |
| 830 | 0 | |a Mathematics and its applications (D. Reidel Publishing Company). |p East European series. | |
| 650 | 0 | |a Algebra. | |
| 650 | 0 | |a Geometry, Algebraic. | |
| 650 | 0 | |a Logic, Symbolic and mathematical. | |
| 084 | |a 14-02 (00A05 03-02 11Dxx 13-02 18-02) |2 MR | ||
| 084 | |a 14-02 (00-02 03Dxx 03G30 10-02 18B25) |2 MR | ||
| 010 | |a 83024609 | ||
| 040 | |a DLC |c DLC |d DLC | ||
| 041 | 1 | |a eng |h rum | |
| 859 | |h 14 |i B926 |p A-5999 |b BIB. MATEMATICA | ||
